• 首页
  • 本馆介绍
  • 公告通知
  • 最新文献
  • 馆藏检索
  • 电子资源
  • 读者导购
  • 参考咨询
  • 我的图书馆
  • 登录
  • 详细信息显示
  • 放入我的书架
  • 预约/预借图书
  • 作者相关作品
  • 分类相关作品
  • 丛书相关作品
  • 出版社相关作品

书目信息

  • 表格格式
  • 工作单格式
  • 卡片格式
题名:
步天歌研究
    
 
作者: 周晓陆 著
分册:  
出版信息: 北京   中国书店  2004
页数: 329页
开本: 28cm
丛书名:
单 册:
中图分类: P114
科图分类:
主题词: 天文观测--观测设备 , 天文观测--资料
电子资源:
ISBN: 7-80663-136-4
000 00540nam0 2200193 450
001 0736196517
005 20070924100316.51
010    @a7-80663-136-4@d¥68.00
100    @a20070924d km y0chiy0120 ea
101 0  @achi
200 1  @a步天歌研究@Abu tian ge yan jiu@f周晓陆著@Fzhou xiao lu zhu
210    @a北京@c中国书店@d2004
215    @a329页@c插图@d28cm
606 0  @a天文观测@x观测设备
606 0  @a天文观测@x资料
690    @aP114@v3
701  0 @a周晓陆@Azhou xiao lu@4著
801  0 @aCN@bPFT@c20070924
905    @a213230@dP114@eZY24@f1
    
    步天歌研究/周晓陆著.-北京:中国书店,2004
    329页:插图;28cm
    
    
    ISBN 7-80663-136-4:¥68.00
    
●
相关链接 在E读中查询图书 在五车中查询图书 在当当中查询图书 在豆瓣中查询图书


正题名:步天歌研究     索取号:P114/ZY24         预约/预借

序号 登录号 条形码 馆藏地/架位号 状态 备注
1 7900612   279006120   资源管理系资料室/ [索取号:P114/ZY24] 在馆    
唐山师范学院图书馆 欢迎您!
大连网信软件有限公司© 版权所有